| 000 | 00780nam a22002657a 4500 | ||
|---|---|---|---|
| 008 | 130427b xxu||||| |||| 00| 0 eng d | ||
| 020 | _a81-7635-335-3 | ||
| 024 | _cAvailable | ||
| 037 | _cAvailable | ||
| 040 |
_aMBSTU Library _dMBSTU Library |
||
| 082 |
_222 _a005.1 HYJ |
||
| 100 | _aHyde , Paul. | ||
| 245 | _aJava tm thread programming : the authoritative solution | ||
| 250 | _a1st | ||
| 260 |
_aNew Delhi _bMac Millan Publishing _c1999 |
||
| 300 |
_a23 cm. _b510 page _f2 _g23 cm. |
||
| 600 | _acomputer programing | ||
| 610 | _aJava(computer programing ) | ||
| 650 | _2computer programm language | ||
| 700 | _aHyde , Paul. | ||
| 270 |
_aNew Delhi _bNew Delhi _dIndia |
||
| 365 |
_b306.00 _d306.00 |
||
| 942 |
_2ddc _cBK |
||
| 999 |
_c235 _d235 |
||